000 01921nam a2200565 i 4500
001 43747
003 KOSZ 005
005 20240405063143.0
008 041222s2003 pl a |000 0 pol
015 _aPB 2005/57
020 _a8389246112
035 _a991025684279705066
035 _a(PL-WaBN)b16995521-48omnis_nlop
035 _ab16995521
035 _a(OCoLC)749222749
035 _a(PL)b0000001699552
035 _a(EXLNZ-48OMNIS_NETWORK)9910358305505606
040 _aWA N
_cWA N
_dKOSZ 005/HR
041 0 _apol
046 _k2003
080 _a339.186/.187(438)"1989/..."
080 _a334.72-057.16(438)
080 _a658.1/.5
100 1 _aBojar, Ewa
_d(1949- )
_eAutor
245 1 0 _aLeasing pracowniczy a restrukturyzacja przedsiębiorstw /
_cEwa Bojar, Małgorzata Sosińska-Wit, Zygmunt Żminda ; Politechnika Lubelska.
260 _aLublin :
_bWydawnictwa PL,
_c2003.
300 _a119 s. :
_brys., wykr. ;
_c24 cm.
336 _2rdacontent
_aTekst
_btxt
337 _2rdamedia
_aBez urządzenia pośredniczącego
_bn
338 _2rdacarrier
_aWolumin
_bnc
380 _aKsiążki
380 _aPublikacje naukowe
388 _a2001-
504 _aBibliogr. s. 112-117.
648 _a2001-
648 _a1901-2000
648 _a1989-2000
650 7 _aLeasing pracowniczy
_2DBN
650 7 _aPrzedsiębiorstwo
_2DBN
650 7 _aOrganizacja
651 7 _aLublin (woj. lubelskie ; okolice)
_2DBN
651 7 _aPolska
658 _aGospodarka, ekonomia, finanse
700 1 _aSosińska-Wit, Małgorzata.
_eAutor
700 1 _aŻminda, Zygmunt
_eAutor
710 2 _aPolitechnika Lubelska
_4pbl
856 _uhttp://koha.tu.koszalin.pl/cgi-bin/koha/opac-detail.pl?biblionumber=43747
_yKatalog online BPK
942 _2UKD
_cKS
999 _c43747
_d43747